| 000 | 00696nam a2200253Ia 4500 | ||
|---|---|---|---|
| 008 | 160418s9999 xx 000 0 und d | ||
| 020 | _a971-08-5931-5 | ||
| 050 | _aFIL PN 4121 | ||
| 050 | _b.T36 2004 c.1 | ||
| 100 | _aTan, Arsenia B. | ||
| 245 | _aPublic speaking and speech improvement : | ||
| 245 | _bfor Filipino students / | ||
| 245 | _cArsenia B. Tan. | ||
| 250 | _a4th Edition | ||
| 260 | _aMandaluyong: | ||
| 260 | _bNational Books Store, | ||
| 260 | _c1997 | ||
| 300 | _a478 pages : | ||
| 300 | _billustrations ; | ||
| 300 | _c22 cm. | ||
| 500 | _aIncludes bibliographical references. | ||
| 650 | _aOral communication -- Philippines. | ||
| 650 | _xPublic speaking. | ||
| 999 |
_c293488 _d293488 |
||